000 00414nam a2200181Ia 4500
001 14629
005 20260306164928.0
008 260306t2012||||xx |||||||||||||| ||spa||
041 _aESP
082 _a515.35
_bZ945
100 _aZill, Dennis G.
_eAUT
245 0 _aMatemáticas avanzadas para ingeniería
260 _c2012
300 _a
_c
650 _aGEN
654 _aCMA
942 _cLIB
_dJUS
_fJUS
_2ddc
_n
999 _c14629
_d14629